[Event "Yerevan op-A 4th"]
[Site "Yerevan"]
[Date "2022.10.12"]
[Round "3"]
[White "Babujian, Levon"]
[Black "Pourramezanali, Amirreza"]
[Result "0-1"]
[WhiteElo "2396"]
[BlackElo "2495"]
[PlyCount "112"]
[EventDate "2022.10.10"]
[EventType "swiss"]
[EventRounds "9"]
[EventCountry "ARM"]
[SourceTitle "CBM 210 Extra"]
[Source "ChessBase"]
[SourceDate "2022.11.30"]
[SourceVersion "1"]
[SourceVersionDate "2022.11.30"]
[SourceQuality "1"]

1. c4 c5 2. Nc3 Nc6 3. g3 g6 4. Bg2 Bg7 5. e3 h5 6. Nf3 d6 7. d4 Bg4 8. h3 Bd7 9. 0-0 Qc8 10. Nd5 Nf6 11. dxc5 dxc5 12. e4 0-0 13. Ne5 Nxd5 14. Nxd7 Nc3 15. bxc3 Rd8 16. Be3 Bxc3 17. Rb1 Rxd7 18. Qa4 Bd4 19. Bf4 Be5 20. Bxe5 Nxe5 21. f4 Nc6 22. e5 Nd4 23. Rb2 Rb8 24. Qa3 b5 25. cxb5 Rxb5 26. e6 fxe6 27. Rxb5 Nxb5 28. Qe3 Nd4 29. Qe5 Rd6 30. Be4 Kf7 31. g4 hxg4 32. hxg4 Qg8 33. Kg2 c4 34. Qc5 Qg7 35. Qxc4 Nf5 36. Kf3 Rd4 37. Qc2 Qh6 38. gxf5 gxf5 39. Bd3 Rxf4+ 40. Ke2 Qh2+ 41. Kd1 Rxf1+ 42. Bxf1 Qd6+ 43. Qd3 Kf6 44. Kc2 e5 45. Qe3 Qc7+ 46. Qc3 Qxc3+ 47. Kxc3 Kg5 48. Bb5 Kf4 49. Kd3 Kf3 50. Be8 e4+ 51. Kd4 e3 52. Bh5+ Kf2 53. Ke5 e6 54. a4 e2 55. Bxe2 Kxe2 56. a5 Ke3 0-1

[Event "Titled Tuesday intern op 08th Feb Early"]
[Site "Chess.com INT"]
[Date "2022.02.08"]
[Round "11"]
[White "Atakhan, Abtin"]
[Black "Pourramezanali, Amirreza"]
[Result "0-1"]
[WhiteElo "2357"]
[BlackElo "2495"]
[PlyCount "68"]
[EventDate "2022.02.08"]
[EventType "swiss (blitz)"]
[EventRounds "11"]
[EventCountry "USA"]
[SourceTitle "CBM 206 Extra"]
[Source "ChessBase"]
[SourceDate "2022.03.31"]
[SourceVersion "1"]
[SourceVersionDate "2022.03.31"]
[SourceQuality "1"]

1. Nf3 d5 2. d4 Nf6 3. g3 c6 4. Bg2 Bf5 5. c4 e6 6. Nc3 Nbd7 7. Qb3 Qb6 8. c5 Qc7 9. Bf4 Qc8 10. h3 h6 11. g4 Bh7 12. 0-0 Be7 13. Qd1 0-0 14. b4 Bd8 15. Bd6 Re8 16. Ne5 Bc7 17. Bxc7 Qxc7 18. f4 Nxe5 19. fxe5 Nd7 20. Qd2 f6 21. exf6 Nxf6 22. g5 hxg5 23. Qxg5 Qe7 24. Rf2 e5 25. e3 exd4 26. exd4 Qe3 27. Qxe3 Rxe3 28. Rc1 Rae8 29. b5 Rd3 30. Rf4 Ree3 31. Nb1 cxb5 32. Kh2 Be4 33. Bxe4 Rxh3+ 34. Kg2 Rdg3+ 0-1

[Event "Titled Tuesday intern op 08th Feb Early"]
[Site "Chess.com INT"]
[Date "2022.02.08"]
[Round "2"]
[White "Seemann, Jakub"]
[Black "Pourramezanali, Amirreza"]
[Result "0-1"]
[WhiteElo "2298"]
[BlackElo "2495"]
[PlyCount "70"]
[EventDate "2022.02.08"]
[EventType "swiss (blitz)"]
[EventRounds "11"]
[EventCountry "USA"]
[SourceTitle "CBM 206 Extra"]
[Source "ChessBase"]
[SourceDate "2022.03.31"]
[SourceVersion "1"]
[SourceVersionDate "2022.03.31"]
[SourceQuality "1"]

1. e4 e6 2. d3 d5 3. Nd2 Nf6 4. g3 c5 5. Bg2 Nc6 6. Ngf3 Be7 7. 0-0 0-0 8. Re1 h6 9. e5 Nd7 10. Nf1 b5 11. Bf4 a5 12. h4 b4 13. c3 a4 14. a3 Na5 15. N1h2 Nb3 16. Rb1 bxa3 17. bxa3 Qa5 18. Qc2 Ba6 19. h5 c4 20. d4 Bxa3 21. Ng4 Be7 22. Nd2 a3 23. Rxb3 cxb3 24. Nxb3 Qa4 25. Qd2 Qxb3 26. Bxh6 gxh6 27. Qxh6 Qc2 28. Be4 dxe4 29. Nf6+ Nxf6 30. exf6 Bxf6 31. Qxf6 e3 32. Rxe3 Qd1+ 33. Kg2 Qxh5 34. Re5 Bb7+ 35. f3 Qxf3+ 0-1

[Event "Titled Tuesday intern op 08th Feb Early"]
[Site "Chess.com INT"]
[Date "2022.02.08"]
[Round "5"]
[White "Weishaeutel, Moritz"]
[Black "Pourramezanali, Amirreza"]
[Result "0-1"]
[WhiteElo "2371"]
[BlackElo "2495"]
[PlyCount "60"]
[EventDate "2022.02.08"]
[EventType "swiss (blitz)"]
[EventRounds "11"]
[EventCountry "USA"]
[SourceTitle "CBM 206 Extra"]
[Source "ChessBase"]
[SourceDate "2022.03.31"]
[SourceVersion "1"]
[SourceVersionDate "2022.03.31"]
[SourceQuality "1"]

1. e4 e6 2. d4 d5 3. exd5 exd5 4. Nf3 Nc6 5. Nc3 Bg4 6. Bb5 a6 7. Ba4 b5 8. Bb3 Nf6 9. 0-0 h6 10. Qd3 Bxf3 11. Qxf3 Nxd4 12. Qe3+ Ne6 13. Rd1 c6 14. Qf3 Bd6 15. a4 b4 16. Ne2 0-0 17. Be3 Ne4 18. Nd4 Nxd4 19. Bxd4 Qg5 20. g3 Be5 21. Be3 Qg6 22. Rab1 a5 23. Bf4 Qf6 24. Kg2 Bxb2 25. Be3 Qxf3+ 26. Kxf3 Bf6 27. Rd3 Rfe8 28. Re1 Nc3 29. Re2 Nxe2 30. Kxe2 d4 0-1

[Event "Asia Club-ch Hybrid"]
[Site "Tornelo INT"]
[Date "2021.11.07"]
[Round "5.1"]
[White "Pourramezanali, Amirreza"]
[Black "Tan, Boon Tham"]
[Result "1-0"]
[WhiteElo "2504"]
[BlackElo "1392"]
[PlyCount "77"]
[EventDate "2021.11.03"]
[EventType "team-swiss"]
[EventRounds "9"]
[EventCountry "NET"]
[SourceTitle "CBM 205 Extra"]
[Source "ChessBase"]
[SourceDate "2022.01.31"]
[SourceVersion "1"]
[SourceVersionDate "2022.01.31"]
[SourceQuality "1"]
[WhiteTeam "Pyramid"]
[BlackTeam "Bishan CC"]
[WhiteTeamCountry "IRI"]
[BlackTeamCountry "SIN"]

1. d4 d6 2. e4 g6 3. Nf3 Bg7 4. Be2 Nf6 5. Nc3 c6 6. h3 0-0 7. a4 Qc7 8. 0-0 Nbd7 9. Be3 a6 10. a5 c5 11. d5 b5 12. axb6 Qxb6 13. Ra2 Bb7 14. Nd2 Qc7 15. Nc4 Nb6 16. Na5 Rfe8 17. Qd3 Nfd7 18. f4 Nf8 19. Bf3 Nbd7 20. e5 Ra7 21. e6 Nb8 22. f5 fxe6 23. fxe6 Qb6 24. Ne4 Nxe6 25. dxe6 Nc6 26. Nxc6 Bxc6 27. Nc3 Bxf3 28. Rxf3 Qc6 29. Nd5 Rb7 30. Rxa6 Qc8 31. Qe4 Rxb2 32. Ra7 Be5 33. Nxe7+ Rxe7 34. Rxe7 Rb1+ 35. Kf2 Rb4 36. Qd5 Bg7 37. Rd7 Qe8 38. e7+ Kh8 39. Rd8 1-0